000 01010nam a2200289Ia 4500
003 OSt
005 20221007125805.0
006 a|||||r|||| 00| 0
007 ta
008 221006b |||||||| |||| 00| 0 eng d
020 _a8122419046 (hbd)
037 _bEBA/676/2007-08, 17/03/2008, Educational Book Agency (India)
_cTextual
040 _aDGL
_cDGL
_beng
041 _2eng
_aeng
082 _aH4224, P7-;3 Carg
100 _aRaghunath H M
_9237052
245 0 _aGround water
_bhydrogeology,ground water survey and pumping tests,rural water supply and irrigation systems
250 _a3
260 _aNew Delhi
_bNew Age International (P)
_c2007
300 _axv,504p.
_ccm.
500 _aBibliography 497-498p; Index 499-504p
650 _a Hydrogeology
_9722473
650 _a Water-supply
650 _aGeology
942 _hH4224, P7-;3 Carg
_cTEXL
_2CC
999 _c1215829
_d1215829